États américains qui commencent par N - Statistiques

Statistiques générales
  • Ce quiz a été pris 86 fois
  • Le résultat moyen est 5 sur 6
Statistiques - réponses
Réponse % Correct
Nevada
91%
Nebraska
82%
New York
82%
New Hampshire
72%
New Jersey
68%
Nouveau Mexique
59%
Aucun quiz correspondant
Distribution des résultats
% des personnes avec chaque résultat
Percentile par nombre de réponses
Votre historique - résultats
Vous n’avez pas pris ce quiz